Catálogo
 En Linea

Diccionario de mitología clásica, 1 / (Registro nro. 31437)

Detalles MARC
000 -CABECERA
campo de control de longitud fija 00875nam a2200229 a 4500
001 - NÚMERO DE CONTROL
campo de control 000031946
005 - FECHA Y HORA DE LA ÚLTIMA TRANSACCIÓN
campo de control 20200930063313.0
008 - DATOS DE LONGITUD FIJA--INFORMACIÓN GENERAL
campo de control de longitud fija 091125s1997 sp 000 0 spa d
020 ## - NÚMERO INTERNACIONAL ESTÁNDAR DEL LIBRO
Número Internacional Estándar del Libro 8420636304
040 ## - FUENTE DE LA CATALOGACIÓN
Centro catalogador/agencia de origen DO-SdBNP
Lengua de catalogación spa
Centro/agencia transcriptor BNPHU
082 ## - NÚMERO DE LA CLASIFICACIÓN DECIMAL DEWEY
Número de clasificación xxxx
Número de documento/Ítem xxxxxxx
100 1# - ENTRADA PRINCIPAL--NOMBRE DE PERSONA
Nombre de persona Falcón Martínez, Constantino
9 (RLIN) 58113
245 10 - MENCIÓN DE TÍTULO
Título Diccionario de mitología clásica, 1 /
Mención de responsabilidad, etc. Constantino Falcón Martínez, Emilio Fernández Galiano, Raquel López Melero; prólogo Manuel Fernández Galiano.
260 ## - PUBLICACIÓN, DISTRIBUCIÓN, ETC.
Lugar de publicación, distribución, etc. Madrid :
Nombre del editor, distribuidor, etc. Alianza editorial,
Fecha de publicación, distribución, etc. 1997.
300 ## - DESCRIPCIÓN FÍSICA
Extensión 327 p. ;
Dimensiones 18 cm.
500 ## - NOTA GENERAL
Nota general La biblioteca posee la segunda reimpresión del 2000
500 ## - NOTA GENERAL
Nota general Libro de bolsillo
500 ## - NOTA GENERAL
Nota general La biblioteca posee el volumen 1 (A-H)
700 1# - PUNTO DE ACCESO ADICIONAL--NOMBRE DE PERSONA
Nombre de persona Fernández Galiano, Emilio
9 (RLIN) 58114
700 1# - PUNTO DE ACCESO ADICIONAL--NOMBRE DE PERSONA
Nombre de persona López Melero, Raquel
9 (RLIN) 58115
700 1# - PUNTO DE ACCESO ADICIONAL--NOMBRE DE PERSONA
Nombre de persona Fernández Galiano, Manuel
Término indicativo de función/relación prol.
9 (RLIN) 58116
Existencias
Estado de retiro Estado de pérdida Restricciones de uso No para préstamo Código de colección Localización permanente Ubicación/localización actual Ubicación en estantería Fecha de adquisición Número de inventario Total de préstamos Signatura topográfica completa Código de barras Fecha visto por última vez Precio válido a partir de Tipo de ítem Koha
      Excluido de préstamo Monografías: Libros y Folletos General General En catalogación 07.07.2011 LF1   xxxx xxxxxxx 31946-10 25.06.2020 25.06.2020 No se presta

Con tecnología Koha